000 00971nam a2200277 a 4500
008
020 _a1580530206 (hbk.)
049 _aMAIN
050 0 0 _aKF390.5.C6 MAT
100 1 _aMatsuura, Jeffrey H.
245 1 2 _aA manager's guide to the law and economics of data networks /
_cJeffrey H. Matsuura.
260 _aBoston :
_bArtech House,
_c2000.
300 _axiv, 268 p. ;
_c24 cm.
504 _aIncludes bibliographical references.
500 _aIncludes index.
650 0 _aComputer networks
_xLaw and legislation
_zUnited States.
650 0 _aCopyright and electronic data processing
_zUnited States.
650 0 _aWeb site development industry
_xLaw and legislation
_zUnited States.
650 0 _aInternet industry
_xLaw and legislation
_zUnited States.
650 0 _aLaw and economics.
907 _a.b1013783x
_b01-02-07
_c01-10-04
003
005 20230123133833.0
040 _cNUST
942 _cBOOKS
999 _c155483
_d155483